000 00423 a2200169 4500
001 153032
020 _a8508064098
040 _cEscola São Tomás de Aquino
100 _aGONZAGA, Tomás Antônio
240 1 0 _aMarília de Dirceu e cartas chilenas.
_lpor
245 1 0 _aMarília de Dirceu e cartas chilenas.
300 _a176
362 0 _a2001
440 1 _aÁtica
697 _aLITERATURA BRASILEIRA
942 _cBK
999 _c153032
_d153032